00942nam a2200277 a 450000100060000000300080000600500170001400800410003102000150007203500190008704000270010604100080013308200250014110000370016624500620020325000120026526000300027730000330030750400530034065000310039365000240042483000380044894200120048699900170049895201490051572781BD-RjUL20211209082317.0170523s1973 enka b 001 0 eng d a0249441101 a(BD-RjUL)72999 aDLCcDLCdBD-RjULbeng aeng00223a579.17bGRM 19731 aGregory, Philip Herries.921470514aThe microbiology of the atmosphere /c[by] P. H. Gregory. a2nd ed. aLondon :bL. Hill,c1973. axxi, 377p. :bill. ;c24 cm. aIncludes bibliography: (p. 309-346) and indexes. 0aAirxMicrobiology.9215278 0aPalynology.9215279 aPlant science monographs.9205085 2ddccBK c72781d72781 00102ddc40718NFICaRUCLbRUCLcReadingd1975-06-05eJohnathan Wren & Co.g7.50l0o579.17 GRM 1973r2017-05-23 00:00:00tC-1w2017-05-23yBK